书目信息 |
| 题名: |
曙光之街
|
|
| 作者: | 今野敏 , 今野敏 著 ;龚群 译 | |
| 分册: | ||
| 出版信息: | 北京 新星出版社 2010.09 |
|
| 页数: | 250页 | |
| 开本: | 22cm | |
| 丛书名: | 今野敏作品 | |
| 单 册: | ||
| 中图分类: | I313.45 | |
| 科图分类: | ||
| 主题词: | 长篇小说--日本--现代 | |
| 电子资源: | ||
| ISBN: | 978-7-5133-0342-2 | |
| 000 | 00836nam0 2200289 450 | |
| 001 | 1239740769 | |
| 005 | 20120215102706.81 | |
| 010 | @a978-7-5133-0342-2@dCNY23.00 | |
| 100 | @a20110922d2010 y0chiy0110 ea | |
| 101 | 1 | @achi@cjpn |
| 102 | @aCN@b110000 | |
| 105 | @ay z 000ay | |
| 200 | 1 | @a曙光之街@9shu guang zhi jie@f(日)今野敏著@F(ri)jin ye min zhu@g龚群译 |
| 210 | @a北京@c新星出版社@d2010.09 | |
| 215 | @a250页@d22cm | |
| 225 | 1 | @a今野敏作品@v01 |
| 225 | 2 | @a午夜文库@i日系佳作 |
| 308 | @a文库 226 | |
| 461 | 0 | @12001@a午夜文库 |
| 462 | 0 | @12001@a日系佳作 |
| 606 | 0 | @a长篇小说@y日本@z现代 |
| 690 | @aI313.45@v4 | |
| 701 | 0 | @c(日)@a今野敏@9jin ye min@c(Bin, Konno@f1955-)@4著 |
| 701 | 0 | @a今野敏@Ajin ye min@4著 |
| 702 | 0 | @a龚群@9gong qun@4译 |
| 801 | 0 | @aCN@bSG08@c20111009 |
| 905 | @aZUCC@dI313.45@eJ749 | |
| 曙光之街/(日)今野敏著/龚群译.-北京:新星出版社,2010.09 |
| 250页;22cm.-(今野敏作品;01).-(午夜文库.日系佳作) |
| ISBN 978-7-5133-0342-2:CNY23.00 |
| ● |
| 相关链接 |
|
|
|
正题名:曙光之街
索取号:I313.45/J749
 
预约/预借
| 序号 | 登录号 | 条形码 | 馆藏地/架位号 | 状态 | 备注 |
| 1 | 481639 | 204816397 | 文学库116/116文学库 14排44列5层/ [索取号:I313.45/J749] | 在馆 | |
| 2 | 481640 | 204816404 | 文学库116/116文学库 14排44列5层/ [索取号:I313.45/J749] | 在馆 | |
| 3 | 481641 | 204816413 | 社科二线400B/400B社科库 10排4列2层/ [索取号:I313.45/J749] | 在馆 |